| 000 | 00882aam a2200289 4500 | ||
|---|---|---|---|
| 005 | 20170127150220.0 | ||
| 008 | 150508b xxu||||| |||| 00| 0 spa d | ||
| 041 | _aspa | ||
| 082 | _a1.0.79 A668g | ||
| 100 |
_aArcarons, Ramón _937497 |
||
| 100 |
_aCasanovas, Oscar _937498 |
||
| 100 |
_aHernández, Francisca _937499 |
||
| 100 |
_aMaríinez, María _937500 |
||
| 245 | _aGuía práctica para viajar: derechos y obligaciones del turista | ||
| 260 |
_aEspaña _bSintesis _c2008 |
||
| 300 | _a261 páginas | ||
| 650 |
_aTURISTAS _937501 |
||
| 650 |
_aVIAJES _96013 |
||
| 650 |
_aELECCIÓN DE VIAJE _937502 |
||
| 650 |
_aVENTAS ON LINE _937503 |
||
| 650 |
_aVIAJE COMBINADO _937504 |
||
| 650 |
_aSERVICIOS TURÍSTICOS _91080 |
||
| 650 |
_aTRANSPORTE TURÍSTICO _911935 |
||
| 650 |
_aSEGURIDAD TURÍSTICA _911941 |
||
| 650 |
_aPROTECCIÓN AL CONSUMIDOR _922300 |
||
| 942 | _cBK | ||
| 999 |
_c5278 _d5278 |
||